[Event "Titled Tue 26th Aug Late"]
[Site "chess.com INT"]
[Date "2025.08.26"]
[Round "11"]
[White "Bogaudinov, Rushan"]
[Black "Goncharov, Vladimir"]
[Result "0-1"]
[WhiteTitle "FM"]
[WhiteElo "1912"]
[BlackElo "2077"]
[WhiteFideId "4129288"]
[BlackFideId "34162256"]
[EventDate "2025.08.26"]

1. e4 e6 2. Nf3 d5 3. e5 c5 4. b4 cxb4 5. d4 Nc6 6. Bd3 Nge7 7. O-O Nf5 8. Bb2
Nh4 9. a3 Nxf3+ 10. Qxf3 Bd7 11. Qg3 h6 12. Nd2 Qg5 13. Qxg5 hxg5 14. Rfb1 bxa3
15. Bxa3 Bxa3 16. Rxa3 Nxd4 17. Rxb7 a5 18. c4 Bc6 19. Rc7 O-O 20. h3 Rfb8 21.
Nf3 Nxf3+ 22. gxf3 dxc4 23. Bxc4 Rb6 24. Kg2 a4 25. Kg3 Be8 26. Kg4 Ra5 27. Rc8
Kf8 28. f4 gxf4 29. Kxf4 Rb4 30. Rd3 Rd5 31. Ke4 Rxc4+ 32. Rxc4 Rxd3 33. Kxd3
Bb5 34. Kc3 Bxc4 35. Kxc4 Ke7 36. Kb4 Kd7 37. Kxa4 Kc6 38. Kb4 Kd5 39. Kc3 Kxe5
40. Kd3 Kf4 41. Ke2 e5 42. Kf1 Kf3 43. Kg1 e4 44. Kf1 f5 45. Kg1 f4 46. Kf1 e3
47. fxe3 Kxe3 48. h4 g6 49. Kg2 Ke2 50. Kh3 Kf3 51. h5 gxh5 52. Kh4 Ke2 53. Kxh5
f3 0-1

[Event "Titled Tue 26th Aug Late"]
[Site "chess.com INT"]
[Date "2025.08.26"]
[Round "11"]
[White "Babiarz, Arkadiusz"]
[Black "Dylag, Emilia"]
[Result "1/2-1/2"]
[WhiteTitle "CM"]
[BlackTitle "WFM"]
[WhiteElo "2172"]
[BlackElo "2078"]
[WhiteFideId "21804362"]
[BlackFideId "21805172"]
[EventDate "2025.08.26"]

1. d4 Nf6 2. c4 e6 3. Nf3 d5 4. Nc3 a6 5. cxd5 exd5 6. Bg5 Be6 7. e3 Be7 8. Bd3
h6 9. Bh4 O-O 10. O-O Nbd7 11. Qc2 c6 12. Rfe1 b5 13. a3 a5 14. Ne2 Rc8 15. Nf4
Bg4 16. Ne5 Nxe5 17. dxe5 Nd7 18. Bxe7 Qxe7 19. h3 Be6 20. Nxe6 Qxe6 21. f4 f5
22. Rac1 g6 23. Be2 h5 24. Red1 Rfd8 25. Bf3 Nb6 26. b3 a4 27. Be2 axb3 28. Qxb3
Ra8 29. Qc3 Rdc8 30. Kh2 Ra4 31. Rg1 Nc4 32. Bxc4 Rxc4 33. Qd3 Ra8 34. Rxc4 bxc4
35. Qc3 Rb8 36. Ra1 c5 37. a4 Rd8 38. a5 d4 39. exd4 cxd4 40. Qb4 d3 41. a6 d2
42. a7 Qc6 43. a8=Q Rxa8 44. Rxa8+ Qxa8 45. Qxd2 Qe4 46. Qd8+ Kg7 47. Qf6+ Kh7
48. Qf7+ Kh6 49. Qf8+ Kh7 50. Qf7+ Kh6 51. Qf8+ Kh7 52. Qf7+ 1/2-1/2

[Event "Titled Tue 26th Aug Late"]
[Site "chess.com INT"]
[Date "2025.08.26"]
[Round "11"]
[White "Khlebovich, Alexander"]
[Black "Livaic, Leon"]
[Result "0-1"]
[WhiteTitle "IM"]
[BlackTitle "GM"]
[WhiteElo "2423"]
[BlackElo "2550"]
[WhiteFideId "4169123"]
[BlackFideId "14531534"]
[EventDate "2025.08.26"]

1. d4 d6 2. g3 Nf6 3. Nf3 g6 4. Bg2 Bg7 5. c4 Bf5 6. Nc3 Ne4 7. Nd5 c6 8. Ne3
Be6 9. d5 cxd5 10. cxd5 Bd7 11. O-O O-O 12. Nd4 f5 13. Ne6 Bxe6 14. dxe6 Nc6 15.
Bxe4 fxe4 16. Qd5 Nd4 17. Qxe4 Nxe2+ 18. Kg2 Nd4 19. Nd5 Rf5 20. Be3 Nc6 21. f4
Qa5 22. Rfd1 Bxb2 23. Rab1 Qxa2 24. Rd2 Rxd5 25. Rdxb2 Qa5 26. Rxb7 Re8 27. h4
Kf8 28. h5 Nd8 29. hxg6 Nxb7 30. gxh7 Rh5 31. Rxb7 Qa2+ 32. Bf2 Kg7 33. g4 Rxh7
34. Qf5 Kh8 35. Kf3 Rh3+ 36. Kg2 Rh7 37. Kf3 Qa3+ 38. Be3 Rh3+ 39. Kg2 Qxe3 40.
g5 Qf3+ 41. Kg1 Rh1# 0-1

[Event "Titled Tue 26th Aug Late"]
[Site "chess.com INT"]
[Date "2025.08.26"]
[Round "11"]
[White "Rustemov, Alexander"]
[Black "Tica, Sven"]
[Result "1-0"]
[WhiteTitle "GM"]
[BlackTitle "IM"]
[WhiteElo "2525"]
[BlackElo "2442"]
[WhiteFideId "4119002"]
[BlackFideId "14526948"]
[EventDate "2025.08.26"]

1. d4 g6 2. c4 Bg7 3. Nf3 d6 4. g3 Nd7 5. Bg2 e5 6. Nc3 Ne7 7. O-O O-O 8. Rb1 h6
9. b4 exd4 10. Nxd4 c5 11. Ndb5 a6 12. Nxd6 Bxc3 13. Bxh6 cxb4 14. Bxf8 Nxf8 15.
Nxb7 Qxd1 16. Rfxd1 Bf5 17. e4 Bg4 18. Rd6 Rb8 19. Nc5 a5 20. Ra6 Ne6 21. Na4
Bd4 22. h3 Be2 23. Bf1 Bf3 24. Bg2 Be2 25. Bf1 Bxf1 26. Kxf1 Rc8 27. Rc1 Nc6 28.
c5 Ne5 29. c6 Nd3 30. Rc2 Nxf2 31. Rxf2 Bxf2 32. Kxf2 Nd4 33. Rxa5 Rxc6 34. Nc5
Kg7 35. Ke3 Nc2+ 36. Kd3 Ne1+ 37. Kc4 Nc2 38. Kb3 Nd4+ 39. Kxb4 Ne2 40. g4 Nf4
41. h4 Ng2 42. h5 Ne3 43. hxg6 fxg6 44. g5 Nc2+ 45. Kc4 Rc7 46. a4 Kf7 47. Ra6
Ne3+ 48. Kd4 Nc2+ 49. Kc4 Ne3+ 50. Kb5 Nc2 51. Rf6+ Kg7 52. Rd6 Re7 53. Rd7 Nd4+
54. Kb6 Rxd7 55. Nxd7 Ne6 56. a5 Nxg5 57. a6 Nxe4 58. Kc6 Nd6 59. Kxd6 1-0

[Event "Titled Tue 26th Aug Late"]
[Site "chess.com INT"]
[Date "2025.08.26"]
[Round "11"]
[White "Nassr, Ahmed"]
[Black "Chen, Yidong"]
[Result "1-0"]
[WhiteTitle "IM"]
[WhiteElo "2153"]
[BlackElo "2068"]
[WhiteFideId "7904860"]
[BlackFideId "8607028"]
[EventDate "2025.08.26"]

1. d4 Nf6 2. Bf4 d5 3. e3 c5 4. c3 e6 5. Nd2 Bd6 6. Bxd6 Qxd6 7. f4 Nc6 8. Bd3
b6 9. a3 O-O 10. Ngf3 a5 11. Qe2 Bb7 12. Ne5 Ne7 13. Qf3 Ba6 14. O-O Bxd3 15.
Nxd3 c4 16. Ne5 b5 17. g4 b4 18. axb4 axb4 19. Rxa8 Rxa8 20. Ndxc4 Qb8 21. Nd2
Ra2 22. g5 Ne8 23. Rf2 Rxb2 24. cxb4 Rxb4 25. h4 Ra4 26. h5 Nf5 27. g6 fxg6 28.
hxg6 h6 29. Nf1 Ra1 30. Kh2 Nf6 31. Ng4 Ne4 32. Rg2 Qb1 33. Rg1 Ra2+ 34. Rg2 Ra1
35. Rg1 Qe1 36. Qh3 Qe2+ 37. Kh1 Qxg4 38. Qxg4 Nf2+ 39. Kh2 Nxg4+ 40. Rxg4 1-0

[Event "Titled Tue 26th Aug Late"]
[Site "chess.com INT"]
[Date "2025.08.26"]
[Round "11"]
[White "Andreikin, Dmitry"]
[Black "Kravtsiv, Martyn"]
[Result "1-0"]
[WhiteTitle "GM"]
[BlackTitle "GM"]
[WhiteElo "2695"]
[BlackElo "2598"]
[WhiteFideId "4158814"]
[BlackFideId "14113147"]
[EventDate "2025.08.26"]

1. d4 d5 2. c4 e6 3. Nc3 Nf6 4. Nf3 Be7 5. Bf4 O-O 6. e3 Nbd7 7. c5 c6 8. h3 b6
9. b4 a5 10. a3 Ba6 11. Bxa6 Rxa6 12. O-O Qa8 13. Rb1 Qb7 14. b5 cxb5 15. Nxb5
bxc5 16. dxc5 Nxc5 17. Nfd4 Qd7 18. Qe2 Rb6 19. Bc7 Rb7 20. Bxa5 Nfe4 21. Nc3
Ra8 22. Nxe4 Nxe4 23. Bb4 Bxb4 24. Rxb4 Rxa3 25. Qb2 Rxb4 26. Qxb4 Ra8 27. Rc1
h6 28. Qb6 Qd6 29. Qb7 Ra2 30. Rf1 g6 31. Qb3 Rd2 32. Nf3 Re2 33. Nd4 Rd2 34.
Nf3 Qc7 35. Qa3 Rc2 36. Nd4 Rc3 37. Qb2 Rc5 38. Ra1 Kh7 39. g4 e5 40. Nf3 Nc3
41. Ra8 Rb5 42. Qa3 Qc4 43. Qf8 Rb1+ 44. Kh2 Rh1+ 45. Kxh1 1-0

[Event "Titled Tue 26th Aug Late"]
[Site "chess.com INT"]
[Date "2025.08.26"]
[Round "11"]
[White "Ragger, Markus"]
[Black "Steinberg, Nitzan"]
[Result "1-0"]
[WhiteTitle "GM"]
[BlackTitle "GM"]
[WhiteElo "2569"]
[BlackElo "2554"]
[WhiteFideId "1610856"]
[BlackFideId "2801795"]
[EventDate "2025.08.26"]

1. d4 Nf6 2. c4 g6 3. Nc3 Bg7 4. e4 d6 5. Nf3 O-O 6. Be2 Nbd7 7. O-O e5 8. Be3
a5 9. Re1 Ng4 10. Bg5 Bf6 11. Bxf6 Ngxf6 12. Qd2 Re8 13. Bf1 c6 14. Rad1 Qe7 15.
h3 Nf8 16. d5 c5 17. Bd3 Kg7 18. Kh2 h6 19. Bc2 N8h7 20. Ba4 Rh8 21. Qe3 Ng5 22.
Kg1 Nxf3+ 23. Qxf3 h5 24. Qe3 h4 25. Rf1 Nh5 26. Ne2 g5 27. f3 Rh6 28. Kf2 Nf4
29. Nxf4 gxf4 30. Qe2 Bd7 31. Bxd7 Qxd7 32. Ke1 Rb8 33. Rf2 b5 34. Rc1 Rhh8 35.
Kf1 Rb7 36. cxb5 Rxb5 37. Kg1 Rhb8 38. Rc2 Qd8 39. Qe1 Rb4 40. Rfd2 Kh6 41. Re2
Kh5 42. Kh2 a4 43. a3 Rd4 44. Rc1 Rb3 45. Rc3 Qb6 46. Rcc2 Rbd3 47. Red2 c4 48.
Rxd3 cxd3 49. Rc8 d2 50. Rh8+ Kg6 51. Qxh4 d1=Q 52. Rg8# 1-0

[Event "Titled Tue 26th Aug Late"]
[Site "chess.com INT"]
[Date "2025.08.26"]
[Round "11"]
[White "Drygalov, Andrey"]
[Black "Hungaski, Robert"]
[Result "0-1"]
[WhiteTitle "GM"]
[BlackTitle "GM"]
[WhiteElo "2431"]
[BlackElo "2477"]
[WhiteFideId "24171735"]
[BlackFideId "2021030"]
[EventDate "2025.08.26"]

1. e4 e5 2. Nf3 Nf6 3. Nxe5 Nc6 4. Nxc6 dxc6 5. d3 Bc5 6. h3 h5 7. c3 Bb6 8. Be3
Bxe3 9. fxe3 Qd6 10. Qf3 h4 11. Nd2 Be6 12. d4 Nh5 13. Nc4 Qg3+ 14. Qf2 Qxf2+
15. Kxf2 Ng3 16. Bd3 Nxh1+ 17. Rxh1 Bxc4 18. Bxc4 f6 19. Kf3 Ke7 20. a4 a5 21.
Rf1 Rh5 22. Ke2 Rg5 23. Rf2 Rf8 24. Kd2 b5 25. axb5 cxb5 26. Be2 c6 27. Bf3 Kd6
28. Kd3 a4 29. Bg4 Rb8 30. Rf1 c5 31. Ra1 c4+ 32. Ke2 Rg6 33. Kf3 Rh6 34. Kf4
Rf8 35. Kf3 g6 36. Ke2 Rh7 37. Rf1 Ke7 38. Kd2 Rhh8 39. Kc2 Rf7 40. Rf4 Ra8 41.
Bf3 a3 42. bxa3 Rxa3 43. Rxh4 Kf8 44. e5 fxe5 45. dxe5 Ra2+ 46. Kb1 Rfa7 0-1

[Event "Titled Tue 26th Aug Late"]
[Site "chess.com INT"]
[Date "2025.08.26"]
[Round "11"]
[White "Adharsh K"]
[Black "Manukian, Artak"]
[Result "0-1"]
[WhiteTitle "FM"]
[WhiteElo "2346"]
[BlackElo "2104"]
[WhiteFideId "25718207"]
[BlackFideId "13301373"]
[EventDate "2025.08.26"]

1. Nf3 g6 2. g3 Bg7 3. Bg2 e5 4. e4 Nc6 5. O-O Nf6 6. Nc3 O-O 7. Re1 d6 8. b3
Bg4 9. Bb2 Qd7 10. d3 Nd4 11. Nb1 c5 12. Nbd2 b5 13. c3 Nc6 14. Qe2 a5 15. d4 b4
16. dxc5 dxc5 17. Nc4 bxc3 18. Bxc3 Qc7 19. h3 Bxf3 20. Qxf3 Nd4 21. Bxd4 cxd4
22. Qd3 Nd7 23. Qd2 a4 24. Rac1 axb3 25. axb3 Nc5 26. Rb1 Rfb8 27. b4 Na4 28.
Bf1 Nc3 29. Ra1 h5 30. Rxa8 Rxa8 31. Qb2 h4 32. g4 Ra2 33. Qb3 Qe7 34. b5 Qf6
35. Nb2 Ra8 36. b6 Rb8 37. Nc4 Bf8 38. b7 Be7 39. Ra1 Nxe4 40. f3 Nc5 41. Ra8
Bd6 42. Nxd6 Qxd6 43. Qb4 e4 44. fxe4 Qg3+ 45. Bg2 Qe3+ 46. Kf1 Qc1+ 47. Qe1
Qf4+ 48. Kg1 Nxb7 49. Rxb8+ Qxb8 50. Qxh4 d3 51. Qf2 Qd8 52. Qd2 Nc5 53. Bf1
Qd4+ 54. Kh2 Qxe4 55. Qg5 Ne6 56. Qa5 Qf4+ 57. Kg1 d2 58. Qa8+ Kg7 59. Qa1+ Qd4+ 0-1

[Event "Titled Tue 26th Aug Late"]
[Site "chess.com INT"]
[Date "2025.08.26"]
[Round "11"]
[White "Ciocan, Maria-Alexandra"]
[Black "Ellison, Jeremy"]
[Result "0-1"]
[WhiteTitle "WCM"]
[BlackTitle "CM"]
[WhiteElo "1998"]
[BlackElo "1819"]
[WhiteFideId "1227130"]
[BlackFideId "241000030"]
[EventDate "2025.08.26"]

1. e4 c5 2. Nf3 Nc6 3. Bb5 Nd4 4. Nxd4 cxd4 5. c3 dxc3 6. dxc3 e6 7. O-O Ne7 8.
Bg5 Qb6 9. Qe2 a6 10. Bd3 Nc6 11. Na3 Qc7 12. Nc4 b5 13. Ne3 Bb7 14. a4 b4 15.
Bh4 Bd6 16. f4 Bxf4 17. Nd5 Bxh2+ 18. Kh1 Qe5 19. Nb6 Bg3 20. Bxg3 Qxg3 21. Nxa8
Bxa8 22. Bxa6 Ne5 23. Qf2 Qxf2 24. Rxf2 bxc3 25. bxc3 O-O 26. Re2 Rb8 27. Bb5
Bb7 28. c4 Kf8 29. a5 Ke7 30. a6 Ba8 31. Rd1 d6 32. Rc1 Nd3 33. Rc3 Nc5 34. Rh3
h6 35. Rg3 g6 36. Rh3 h5 37. Rhe3 e5 38. Re1 Rb6 39. Kg1 Nxa6 40. Ra1 Nc7 41.
Rea3 Bb7 42. Ra7 Nxb5 43. cxb5 Rxb5 44. Rc1 Ke6 45. Rc7 Bxe4 46. Re7+ Kd5 47.
Rxf7 Bf5 48. Rfc7 e4 49. Kf2 Rb3 50. Ra5+ Ke6 51. Raa7 Rd3 52. Re7+ Kf6 53. Rf7+
Kg5 54. Rfc7 d5 55. Ra5 Rd2+ 0-1

[Event "Titled Tue 26th Aug Late"]
[Site "chess.com INT"]
[Date "2025.08.26"]
[Round "11"]
[White "Aravindh, Chithambaram VR."]
[Black "Ebrahimi Herab, Hamidreza"]
[Result "1-0"]
[WhiteTitle "GM"]
[BlackTitle "FM"]
[WhiteElo "2723"]
[BlackElo "2385"]
[WhiteFideId "5072786"]
[BlackFideId "22512888"]
[EventDate "2025.08.26"]

1. c4 Nf6 2. Nc3 d5 3. cxd5 Nxd5 4. Nf3 g6 5. h4 h5 6. Qb3 Nb6 7. Ng5 e6 8. e3
Bg7 9. Be2 c5 10. d3 Nc6 11. Bd2 Nb4 12. Nce4 Qd5 13. O-O O-O 14. Qxd5 N4xd5 15.
Rab1 Nd7 16. Nd6 b6 17. e4 Ne7 18. b4 Be5 19. Nc4 Bg7 20. bxc5 Nxc5 21. Bb4 Nc6
22. Bxc5 bxc5 23. Nf3 Nd4 24. Nxd4 Bxd4 25. Rb3 Ba6 26. g3 Rab8 27. Rfb1 Rxb3
28. Rxb3 Bxc4 29. dxc4 Rd8 30. Kf1 Rd7 31. Bd3 Kg7 32. Ke2 f5 33. f4 fxe4 34.
Bxe4 e5 35. f5 gxf5 36. Bxf5 Rf7 37. Rf3 Rb7 38. Kd3 Rb2 39. Ke4 Rxa2 40. Be6
Re2+ 41. Kd5 e4 42. Rf5 e3 43. Rg5+ Kh6 44. Bf5 Rf2 45. Rg6+ Kh7 46. Rg5+ Kh8
47. Ke6 Rxf5 48. Rxf5 e2 49. Kf7 Bg7 50. Rxh5+ 1-0

[Event "Titled Tue 26th Aug Late"]
[Site "chess.com INT"]
[Date "2025.08.26"]
[Round "11"]
[White "Paval, George"]
[Black "Donoso Aguirre, Maximiliano"]
[Result "1/2-1/2"]
[BlackTitle "CM"]
[WhiteElo "2139"]
[BlackElo "1978"]
[WhiteFideId "1214233"]
[BlackFideId "3458920"]
[EventDate "2025.08.26"]

1. Nf3 d5 2. b3 e6 3. Bb2 Nf6 4. e3 Be7 5. Be2 c5 6. c4 Nc6 7. cxd5 exd5 8. d4
O-O 9. O-O cxd4 10. Nxd4 Bd6 11. Nc3 a6 12. Rc1 Bc7 13. Bf3 Qd6 14. g3 Rd8 15.
Bg2 Nxd4 16. Qxd4 Bb6 17. Qh4 Bf5 18. Rfd1 Qe6 19. Ne2 Ne4 20. Nd4 Bxd4 21. Bxd4
Bg6 22. Qf4 Rac8 23. h4 h5 24. Kh2 Qf5 25. Qxf5 Bxf5 26. Kg1 Rc6 27. Rxc6 bxc6
28. Rc1 Rc8 29. f3 Nd6 30. Bf1 Nb5 31. Bc5 Bd7 32. a4 Nc7 33. Bd6 Ne8 34. Bc5
Rb8 35. b4 Ra8 36. a5 Nc7 37. Kf2 Nb5 38. Bxb5 cxb5 39. Bb6 Rc8 40. Rxc8+ Bxc8
41. Ke2 f6 42. Kd3 Kf7 43. Kd4 Ke6 44. Kc5 Bb7 45. Kd4 Kd6 46. Bc5+ Kc6 47. Bf8
g6 48. g4 Kd7 49. gxh5 gxh5 50. e4 dxe4 51. fxe4 Bc6 52. Bc5 Bb7 53. Bb6 Kd6 54.
Ba7 Kc6 55. Bb8 Bc8 56. Bf4 f5 57. e5 Be6 58. Bg5 Ba2 59. Bf4 Be6 60. Bg5 Bg8
61. Bf4 Bd5 62. Bg5 Be6 63. Bf4 Bd5 64. Bg5 Be6 65. Bf4 Bd5 1/2-1/2

[Event "Titled Tue 26th Aug Late"]
[Site "chess.com INT"]
[Date "2025.08.26"]
[Round "11"]
[White "Terry, Renato"]
[Black "Carlsen, Magnus"]
[Result "0-1"]
[WhiteTitle "IM"]
[BlackTitle "GM"]
[WhiteElo "2508"]
[BlackElo "2839"]
[WhiteFideId "3803457"]
[BlackFideId "1503014"]
[EventDate "2025.08.26"]

1. d4 d5 2. Bg5 f6 3. Bc1 Nc6 4. e3 e5 5. Nf3 e4 6. Ng1 f5 7. c4 Nf6 8. Nc3 Be6
9. b3 a6 10. Nh3 Bd6 11. g3 Qd7 12. Nf4 Bxf4 13. gxf4 O-O 14. Ba3 Rf7 15. Rg1
Kh8 16. Be2 Ne7 17. Qc2 Ng6 18. O-O-O c6 19. Na4 Qd8 20. Kb1 Ng4 21. cxd5 cxd5
22. Bxg4 fxg4 23. Rc1 Nh4 24. Qc5 Nf3 25. Rh1 Rc8 26. Qd6 Rxc1+ 27. Kxc1 Qxd6
28. Bxd6 h5 29. Nc3 Kh7 30. Ne2 h4 31. Be5 Rf8 32. Kb2 Kg6 33. Bd6 Rc8 34. Nc3
Rh8 35. Na4 Kf5 36. Nc5 b6 37. Nxa6 g3 38. hxg3 hxg3 39. Rxh8 gxf2 40. Rh1 Ng1
41. Rh5+ Kg4 42. Rg5+ Kf3 43. f5 f1=Q 44. fxe6 Qe2+ 45. Ka3 Qxa6+ 46. Kb4 Qa5# 0-1

[Event "Titled Tue 26th Aug Late"]
[Site "chess.com INT"]
[Date "2025.08.26"]
[Round "11"]
[White "Bulgak, Damir"]
[Black "Mottola, Max"]
[Result "1-0"]
[WhiteTitle "CM"]
[WhiteElo "2254"]
[BlackElo "2183"]
[WhiteFideId "13528882"]
[BlackFideId "30985862"]
[EventDate "2025.08.26"]

1. e4 d5 2. exd5 Qxd5 3. Nc3 Qd6 4. d4 Nf6 5. Nf3 a6 6. Ne5 Nc6 7. Bf4 Qxd4 8.
Nxc6 Qxd1+ 9. Rxd1 bxc6 10. Bxc7 Bf5 11. Bxa6 Bd7 12. Bc4 e6 13. Ke2 Bb4 14. Be5
Nd5 15. Ne4 f6 16. Bd4 O-O 17. Bc5 Rfb8 18. Bb3 Be8 19. f3 Bg6 20. Bxb4 Rxb4 21.
Nc5 Bxc2 22. Bxc2 Rc4 23. Rc1 Rxc5 24. Bxh7+ Kxh7 25. Rxc5 Rxa2 26. Rc2 c5 27.
Rhc1 c4 28. Rd2 Nf4+ 29. Ke3 Nd5+ 30. Kd4 c3 31. Rxc3 Nxc3 32. Kxc3 Kg6 33. b4
Ra8 34. b5 Rb8 35. Kb4 e5 36. Kc5 Kf5 37. b6 Kf4 38. Re2 f5 39. Kc6 e4 40. fxe4
fxe4 41. Kc7 Re8 42. b7 e3 43. b8=Q Rxb8 44. Kxb8 Ke4 45. Kc7 Kd3 46. Re1 e2 47.
Ra1 Kd2 48. Kd7 e1=Q 49. Rxe1 Kxe1 50. g4 Kf2 51. Ke7 Kf3 52. g5 Kg4 53. g6 Kg5
54. Kf7 Kh6 55. h3 Kh5 56. Kxg7 1-0

[Event "Titled Tue 26th Aug Late"]
[Site "chess.com INT"]
[Date "2025.08.26"]
[Round "11"]
[White "Hua, Lefong"]
[Black "Mekhitarian, Krikor Sevag"]
[Result "0-1"]
[WhiteTitle "FM"]
[BlackTitle "GM"]
[WhiteElo "2305"]
[BlackElo "2549"]
[WhiteFideId "2602253"]
[BlackFideId "2107660"]
[EventDate "2025.08.26"]

1. d4 Nf6 2. c4 g6 3. Nc3 d5 4. cxd5 Nxd5 5. e4 Nxc3 6. bxc3 Bg7 7. Nf3 c5 8.
Rb1 O-O 9. Be2 Nc6 10. d5 Ne5 11. Nxe5 Bxe5 12. Qd2 e6 13. f4 Bc7 14. O-O exd5
15. exd5 Ba5 16. f5 Bxf5 17. Rxb7 c4 18. g4 Bb6+ 19. Kg2 Bc8 20. Rxb6 axb6 21.
Bf3 Qd6 22. Rf2 Bb7 23. Qd4 f6 24. Bf4 Qd7 25. Qxc4 Rac8 26. Qb3 b5 27. Rd2 Rc4
28. Bg3 Re8 29. a4 Rxa4 30. d6+ Rc4 31. Rd4 Bxf3+ 32. Kxf3 Qc6+ 33. Kf2 Kg7 34.
Rxc4 bxc4 35. Qa3 Qd5 36. Qa7+ Kg8 37. Qd4 Qxd4+ 38. cxd4 c3 39. d7 Rd8 40. Ke3
Rxd7 41. Kd3 c2 42. Bf4 Rc7 43. Bc1 Rc8 44. d5 Kf7 45. Kd4 Ke7 46. h4 Kd7 47. h5
gxh5 48. gxh5 Rg8 49. Kd3 Rg2 50. Bf4 Rg4 51. Bd2 Rh4 52. h6 Kd6 53. Kxc2 Kxd5
54. Kd3 f5 55. Ke2 Ke4 56. Kf2 Rh2+ 57. Ke1 f4 0-1

[Event "Titled Tue 26th Aug Late"]
[Site "chess.com INT"]
[Date "2025.08.26"]
[Round "11"]
[White "Bortnyk, Olexandr"]
[Black "Niemann, Hans Moke"]
[Result "1-0"]
[WhiteTitle "GM"]
[BlackTitle "GM"]
[WhiteElo "2601"]
[BlackElo "2736"]
[WhiteFideId "14120828"]
[BlackFideId "2093596"]
[EventDate "2025.08.26"]

1. d4 d5 2. Nc3 Nf6 3. Bf4 a6 4. e3 h6 5. a3 Bf5 6. Bd3 Bxd3 7. cxd3 e6 8. Nf3
Bd6 9. Ne5 Nbd7 10. O-O O-O 11. Qb3 Rb8 12. h3 Bxe5 13. dxe5 Nh7 14. e4 d4 15.
Ne2 c5 16. Bg3 b5 17. f4 c4 18. dxc4 Nc5 19. Qb4 Nxe4 20. c5 a5 21. Qe1 d3 22.
Nc3 Nxc5 23. Bf2 Nb3 24. Rd1 b4 25. Ne4 Qd5 26. Qe3 Rfd8 27. Nd6 d2 28. Qa7 Rf8
29. Be3 Ra8 30. Qc7 f6 31. Bxd2 Nxd2 32. Qc2 Nxf1 33. Rxd5 Ne3 34. Qc6 Nxd5 35.
f5 fxe5 36. fxe6 Nhf6 37. Nf5 Ra7 38. Qd6 Re8 39. Qxe5 Ra6 40. Qg3 Ra7 41. Nxh6+
Kf8 42. Qd6+ Ne7 43. Nf7 bxa3 44. bxa3 Rb7 45. Qd4 Rb5 46. Nd6 Rd5 47. Qb6 Ra8
48. Qc7 a4 49. g4 Ne8 50. Nxe8 Kxe8 51. Qf4 1-0

[Event "Titled Tue 26th Aug Late"]
[Site "chess.com INT"]
[Date "2025.08.26"]
[Round "11"]
[White "De Sousa, Daniel Aguiar"]
[Black "Hernandez Bermudez, Ulises Eduardo"]
[Result "0-1"]
[WhiteElo "1985"]
[BlackElo "2042"]
[WhiteFideId "44736797"]
[BlackFideId "3902510"]
[EventDate "2025.08.26"]

1. Nf3 Nf6 2. d4 g6 3. h4 Bg7 4. Nc3 d5 5. Bf4 c6 6. Qd2 h5 7. Ng5 Bf5 8. e3
Nbd7 9. Bd3 Bxd3 10. cxd3 b5 11. a3 Qb6 12. O-O O-O 13. b4 Nh7 14. a4 a6 15.
axb5 axb5 16. Qb2 e5 17. dxe5 Nxe5 18. Bxe5 Bxe5 19. d4 Bf6 20. Nf3 Qc7 21. Rac1
Qd6 22. Ne2 Ra4 23. Rc5 Rfa8 24. Nc1 Be7 25. Qc3 Ra3 26. Qc2 R8a6 27. Ne5 Qf6
28. Rxc6 Rxc6 29. Qxc6 Qxc6 30. Nxc6 Bxh4 31. Rd1 Nf6 32. Nd3 Ne4 33. g3 Bf6 34.
Nf4 Nc3 35. Re1 Kf8 36. Na5 Bg5 37. Kg2 Bxf4 38. gxf4 Ke7 39. Kf3 Ne4 40. Rc1
Ra2 41. Rf1 Nd2+ 42. Kg2 Nxf1 43. Kxf1 Rb2 44. Kg2 Kd7 45. Nb7 Rxb4 46. Nc5+ Kc6
47. f5 Rc4 48. Nd3 b4 49. fxg6 fxg6 50. Ne5+ Kd6 51. Nxg6 b3 52. Nf4 b2 53. Nd3
b1=Q 54. Ne5 Qe4+ 55. Kg3 h4+ 56. Kh2 Rc2 57. Nf3 Qxf3 0-1

[Event "Titled Tue 26th Aug Late"]
[Site "chess.com INT"]
[Date "2025.08.26"]
[Round "11"]
[White "Gajic, Mladen"]
[Black "Kleibel, Uwe"]
[Result "1-0"]
[WhiteTitle "FM"]
[BlackTitle "FM"]
[WhiteElo "2246"]
[BlackElo "2301"]
[WhiteFideId "1709178"]
[BlackFideId "1270982"]
[EventDate "2025.08.26"]

1. d4 d5 2. c4 e6 3. Nc3 Nf6 4. cxd5 exd5 5. Bg5 c6 6. e3 Be7 7. Nf3 Nbd7 8. Bd3
h6 9. Bh4 Ne4 10. Bxe4 dxe4 11. Bxe7 Qxe7 12. Nd2 f5 13. Qh5+ Qf7 14. Qxf7+ Kxf7
15. O-O Nf6 16. f3 exf3 17. Nxf3 Re8 18. Rae1 Kg8 19. Nh4 Ng4 20. Nxf5 Bxf5 21.
Rxf5 Nxe3 22. Re5 Rxe5 23. dxe5 Nc2 24. Re4 Rd8 25. h4 Kf7 26. e6+ Ke7 27. Rg4
Rg8 28. Ne4 b6 29. Nd2 Kxe6 30. Rc4 Na1 31. Rxc6+ Kf5 32. Rc1 Rd8 33. Nf3 g5 34.
hxg5 hxg5 35. Rxa1 g4 36. Ne1 Rd2 37. b4 Ke4 38. a4 a6 39. Ra3 Rb2 40. Rg3 Kf5
41. Nd3 Rb3 42. Re3 Ra3 43. Re5+ Kf6 44. Rd5 Ke7 45. Kf2 Rxa4 46. Kg3 Ra2 47.
Rd4 Rd2 48. Re4+ Kd6 49. Nf4 a5 50. bxa5 bxa5 51. Ra4 Ke5 52. Rxa5+ Ke4 53. Ra4+
Ke5 54. Ra5+ Ke4 55. Kxg4 Rd8 56. Ra4+ Ke5 57. g3 Rg8+ 58. Kf3 Rf8 59. Ra5+ Kf6
60. g4 Rb8 61. g5+ Kg7 62. Kg4 Rb4 63. Ra7+ Kg8 64. Kf5 Rb5+ 65. Kf6 Rb6+ 66.
Ne6 Rc6 67. Ra8+ Kh7 68. g6+ Kh6 69. Rh8# 1-0

[Event "Titled Tue 26th Aug Late"]
[Site "chess.com INT"]
[Date "2025.08.26"]
[Round "11"]
[White "Kurpiewski, Slawomir"]
[Black "Haarh, Simon Bjork"]
[Result "0-1"]
[WhiteTitle "CM"]
[BlackTitle "CM"]
[WhiteElo "1973"]
[BlackElo "2195"]
[WhiteFideId "1114530"]
[BlackFideId "1470515"]
[EventDate "2025.08.26"]

1. f4 d5 2. Nf3 g6 3. g3 Bg7 4. Bg2 Nf6 5. d3 O-O 6. O-O c5 7. c3 Nc6 8. Na3 b6
9. Qa4 Bb7 10. e4 a6 11. e5 Ng4 12. h3 Nh6 13. g4 b5 14. Qd1 d4 15. Nc2 Rb8 16.
cxd4 cxd4 17. Nd2 e6 18. Ne4 Ba8 19. Bd2 Qb6 20. Rc1 Rfd8 21. Ne1 Bf8 22. a3 Ne7
23. Qe2 Bxe4 24. Bxe4 Nd5 25. Bxd5 Rxd5 26. Nf3 a5 27. Ng5 b4 28. a4 Be7 29. Ne4
Kg7 30. Rc4 Ng8 31. Rfc1 Rbd8 32. b3 R8d7 33. Be1 Qb7 34. Bg3 f6 35. exf6+ Nxf6
36. Ng5 e5 37. fxe5 Ng8 38. Ne6+ Kh8 39. Nf4 Rd8 40. Nxd5 Qxd5 41. Qg2 Qe6 42.
Qc6 Qf7 43. Rf1 Qg7 44. Qe4 Qh6 45. Bf4 Qxh3 46. e6 Qxg4+ 47. Kh2 Nf6 48. Be5
Qh5+ 49. Kg3 Qg5+ 50. Kh2 Kg8 51. Bxf6 Bxf6 52. e7 Bxe7 53. Qe6+ Kh8 54. Rc8
Bd6+ 55. Kh1 Qh4+ 56. Kg2 Qg3+ 57. Kh1 Qh2# 0-1